Manual de pronunciación española
Uloženo v:
| Hlavní autor: | |
|---|---|
| Médium: | Kniha |
| Jazyk: | španělština |
| Vydáno: |
Nueva York
Hafner Publishing
1950
|
| Vydání: | 4a. ed |
| Témata: | |
| Tagy: |
Přidat tag
Žádné tagy, Buďte první, kdo vytvoří štítek k tomuto záznamu!
|
MARC
| LEADER | 00000nam a2200000 a 4500 | ||
|---|---|---|---|
| 001 | UCX6730 | ||
| 003 | CL-VaPUC | ||
| 008 | 930810e19500000US |||||||||||||||||spa|d | ||
| 082 | 0 | 4 | |a 461.52 |b NAV |2 21 |
| 100 | |a Navarro Tomás, Tomás |e autor |9 598797 | ||
| 245 | 1 | 0 | |a Manual de pronunciación española |
| 250 | |a 4a. ed | ||
| 300 | |a 326 p | ||
| 942 | |c BK | ||
| 945 | |d 19930810 00:00:00 | ||
| 260 | |a Nueva York |b Hafner Publishing |c 1950 | ||
| 650 | 7 | |a ESPAÑOL FONETICA |2 CL-VaPUC |9 316405 | |
| 650 | 7 | |a ESPAÑOL PRONUNCIACION |2 CL-VaPUC |9 262216 | |
| 650 | 0 | |a Fonética |9 308371 | |
| 583 | |a last modification |c 19930810 00:00:00 |k Rodrigo Vera | ||
| 999 | |c 226709 |d 226707 | ||
| 952 | |0 0 |1 0 |4 0 |6 461_520000000000000_NAV_1950 |7 0 |8 A |9 225258 |a BIBEDU |b BIBEDU |d 2019-11-15 |i 2939614 |o 461.52 NAV 1950 |p 2939614 |r 2019-11-15 |w 2019-11-15 |y BK |k LIT | ||